L'amico ritrovato

Saved in:
书目详细资料
主要作者: Uhlman Fred
格式: 图书
语言:Undetermined
出版: Milano Feltrinelli 1994
标签: 添加标签
没有标签, 成为第一个标记此记录!

MARC

LEADER 00000nam a2200000Ia 4500
001 265
003 NUMERAZIONE-ORIGINALE-BRESCIA
005 20260206230751.0
008 260206s9999 xx 000 0 und d
100 |a Uhlman Fred 
245 0 |a L'amico ritrovato 
260 |a Milano 
260 |b Feltrinelli 
260 |c 1994 
500 |a Universale Economica Feltrinelli 
942 |2 ddc  |c BK  |n 0 
952 |0 0  |1 0  |2 ddc  |4 0  |6 12  |7 0  |9 28463  |a BS  |b BS  |d 2026-02-06  |i 265  |l 0  |o 1-2-*  |r 2026-02-06 22:40:36  |w 2026-02-06  |x [REVISIONARE]  |y BK 
999 |c 24143  |d 24143